Televisio-ohjelmia kirjaimittain - H - Statistics

Yleistilastot
  • Tätä visaa on pelattu 23 kertaa
  • Keskiarvotulos 3 / 11
Vastaustilastot
Henkilöhahmoja sarjassa Maa Esitysvuosi Ohjelma % Oikein
Raimo ”Tollo” Koskivuo, Tyyne Hurskainen, Samuel Livingstone Matabele Suomi 1990-1996 Hyvät herrat
76%
Sofia Ingberg, Antti Matinpoika, Antoinette Ceder Suomi 1999-2003 Hovimäki
57%
kapteeni Arthur Hastings, neiti Lemon, Ariadne Oliver Iso-Britannia 1989-2013 Hercule Poirot
48%
Lisa Cuddy, Robert Chase, Eric Foreman Yhdysvallat 2004-2012 House
48%
Vappu Nieminen, Aarne Harava, Jarmo Naakka Suomi 1991-1995 Hynttyyt yhteen
33%
Jenny Lee, Fred Buckle, Beatrix "Trixie" Franklin Iso-Britannia 2012- Hakekaa kätilö
14%
June Osborne, Luke Bankole, Naomi Putnam Yhdysvallat 2017- The Handmaid’s Tale
10%
Steve McGarrett, Max Bergman, Kona ”Kono” Kalakaua Yhdysvallat 2010-2020 Havaiji 5-0
5%
Donna Jackson, Sahira Shah, Dominic Copeland Iso-Britannia 1999- Holby Cityn sairaala
5%
Connor Walsh, Michaela Pratt, Sam Keating Yhdysvallat 2014-2020 How to Get Away with Murder
5%
Reino Toppari, Väinö Mäntynen, Sanna Alamäki Suomi 1993-1994 Hyvien ihmisten kylä
0%
Ehtoja vastaavia visoja ei löytynyt
Tulosjakauma
Jokaisen tuloksen saaneiden osuus
Persentiili vastausten määrän mukaan
Tuloshistoriasi
Et ole pelannut tätä visaa